000 00698nam a2200217Ii 4500
003 JO-AjNU
008 230605s9999||||xx |||||||||||||| ||und||
017 _a2004/8/2001
020 _a9957-32-065-3
040 _aJO-AjNU
_bara
_erda
_cJO-AjNU
041 _aara
050 1 4 _aQA76.9.A25.A455 2005
100 3 _aاحمد ، عوض حاج احمد,
_eauthor
_930248
245 0 0 _aامنية المعلومات وتقنيات التشفير
264 3 1 _aعمان:دار الحامد ، 2005
300 _a322ص
336 _atext
_btxt
_2rdacontent
337 _aunmediated
_bn
_2rdamedia
338 _avolume
_bnc
_2rdacarrier
650 4 _aحاسبات الكترونية- حماية
_930249
999 _aA11968
_c15536
_d15536